000
00313nam a22001457a 4500
008
221121b ||||| |||| 00| 0 eng d
020
_a
3764330341
041
_a
eng
080
_a
159.9
082
_a
159.9RUC
100
_a
25
101
_a
PSI
245
_a
INFINITY AND THE MIND
_c
RUCKER R
942
_2
udc
_c
BK
999
_c
58975
_d
58975